000 00501nam a2200181Ia 4500
008 090123s9999 xx 000 0 und d
082 _b34963
100 _aयादव आनंद
245 _aउगवती मने
250 _a0
260 _bमेहता प्रकाशन
_c2003
300 _a155
600 _aयादव आनंद
630 _aउगवती मने
700 _aयादव आनंद
730 _aउगवती मने
942 _cBOOK
999 _c73023
_d73023